| 000 | 00518nmm a2200169Ia 4500 | ||
|---|---|---|---|
| 008 | 251105s9999||||xx |||||||||||||||||und|| | ||
| 020 | _a9788496491267 | ||
| 041 | _aspa | ||
| 100 | _aValle, Antonio | ||
| 245 | 0 | _aEl día más feliz de mi vida fue cuando se estrelló el camión de Foskitos | |
| 264 |
_a[Madrid, España] : _bSeptem Ediciones, _c2006 |
||
| 300 | _a78 páginas | ||
| 490 | _aSeptem Fabula | ||
| 650 | _aSpanish narrative | ||
| 856 | _uhttps://public.digitaliapublishing.com/a/35546 | ||
| 942 | _cCF | ||
| 999 |
_c89954 _d89954 |
||